Sports Quiz

Random Sports or Football Quiz
Score 0/15 Timer 04:00
0 Plays Today
% Correct
Rayo Vallecano
87.7%
FC Zenit
86.5%
Galatasaray S.K.
85.5%
Heart of Midlothian F.C.
73.1%
BSC Young Boys
67.8%
SC Dnipro-1
62.1%
Club Brugge
53.3%
Bohemian F.C.
51.3%
% Correct
Djurgårdens FC
49.9%
Brøndby IF
46.6%
BATE Borisov
46.4%
FK Partizan
43.6%
Istra 1961
31.9%
Nõmme Kalju FC
27.7%
FK Ventspils
21.9%

You're not logged in!

Compare scores with friends on all Sporcle quizzes.
OR
Log In

Sporcle TV

Today on Sporcle TV


Watch our educational content, quiz creation guides, and fun videos on Sporcle TV.

Show Comments

Extras

Top Quizzes Today


Score Distribution

Paid Content

Your Account Isn't Verified!

In order to create a playlist on Sporcle, you need to verify the email address you used during registration. Go to your Sporcle Settings to finish the process.

Report this User

Report this user for behavior that violates our Community Guidelines.

Details: